| 000 | 01579ngm a22004570a 4500 | ||
|---|---|---|---|
| 001 | PT44868 | ||
| 003 | AR-LpoUNG | ||
| 005 | 20210201235947.0 | ||
| 007 | vd cvaizq | ||
| 008 | 191001s2006||||ag |||||||||||||||||eng d | ||
| 037 | _c$8.20 | ||
| 040 |
_aAR-LpoUNG _bspa _cAR-LpoUNG _eaacr |
||
| 041 | _aeng | ||
| 044 | _aag | ||
| 082 | 0 | _a982 216can | |
| 100 | 1 |
_aGarcía, José Luis _edir. |
|
| 245 | 1 | 0 |
_aCándido Lopez : _blos campos de batalla |
| 260 |
_aBuenos Aires : _bSBP, _c2006. |
||
| 300 | _aDVD (102 min.) : son., col. | ||
| 505 | 0 | _aGuión: José Luis García. - Producción: Ana Aizenberg, Luis Sartor, Renate Costa, Fabiana Pucci. - Fotografía: Marcelo Iaccarino. Música: Tony Apuril, César Cataldo. - Sonido: Carlos Olmedo, Martín Porta, Diego Gat. - Montaje: Marie Joseph Nenert, Fernando Cricenti, Miguel Colombo, Miguel Schverdfinger y José Luis García | |
| 520 | _aEs una película documental que destaca las consecuencias de la guerra de la Triple Alianza entre Brasil, Uruguay y Argentina contra Paraguay, usando como guía los cuadros pintados por Cándido López. | ||
| 650 | 4 | _aARGENTINA | |
| 650 | 4 | _aARTE | |
| 650 | 4 | _aBRASIL | |
| 650 | 4 | _aCONFLICTOS POLITICOS | |
| 650 | 4 | _aCULTURA | |
| 650 | 4 | _aGUERRA | |
| 650 | 4 | _aHISTORIA | |
| 650 | 4 | _aMUERTE | |
| 650 | 4 | _aOBRAS DE ARTE | |
| 650 | 4 | _aPARAGUAY | |
| 650 | 4 | _aURUGUAY | |
| 650 | 4 | _aVIOLENCIA | |
| 651 | 4 | _aAmérica Latina | |
| 653 | _aCINE | ||
| 653 | _aCINE ARGENTINO | ||
| 653 | _aDOCUMENTAL | ||
| 653 | _aVIDEOS | ||
| 905 | _a44868 | ||
| 942 | _cDVD | ||
| 999 |
_c53862 _d53862 |
||